000 00713cam a2200229 4500
001 J106728
008 000000n1999 000 0 eng u
035 _a(Sirsi) u106728
050 _a306.65
110 _aUnited Kingdom
_bDepartment of the Environment, Transport and the Regions
_93507
245 _aEnglish house conditions survey: 1996 - house in multiple occupation in the private rented sector
260 _aLondon
_bDETR
_c1999
300 _a33p. ; 30cm.
650 _aUNFIT DWELLINGS
650 _aPRIVATE RENTED SECTOR
650 _aHOUSING CONDITIONS
650 _aSTATISTICS
650 _aMULTIPLE OCCUPANCY
650 _aHOUSES IN MULTIPLE OCCUPATION
690 _aHOUSING
942 _n0
999 _c100616
_d100616